Central Library OPAC University of Rajshahi

World politics / (Record no. 59597)

MARC details
000 -LEADER
fixed length control field 00664nam a2200229 a 4500
001 - CONTROL NUMBER
control field 59597
003 - CONTROL NUMBER IDENTIFIER
rucl marc code BD-RjUL
005 - DATE AND TIME OF LATEST TRANSACTION
control field 20211209080741.0
008 - FIXED-LENGTH DATA ELEMENTS--GENERAL INFORMATION
fixed length control field 161226s1968 nyu b 001 0 eng
035 ## - SYSTEM CONTROL NUMBER
System control number (BD-RjUL) 59721
040 ## - CATALOGING SOURCE
Original cataloging agency DLC
Transcribing agency DLC
Modifying agency DLC
-- BD-RjUL
Language of cataloging eng
041 ## - LANGUAGE CODE
Language code of text/sound track or separate title eng
082 00 - DEWEY DECIMAL CLASSIFICATION NUMBER
Classification number 327
Edition number 23
Author mark and year ORW 1968
100 1# - MAIN ENTRY--PERSONAL NAME
Personal name Organski, A. F. K.,
Dates associated with a name 1923-
9 (RLIN) 177275
245 10 - TITLE STATEMENT
Title World politics /
Statement of responsibility, etc. A. F. K. Organski.
250 ## - EDITION STATEMENT
Edition statement 2d rev. ed.
260 ## - PUBLICATION, DISTRIBUTION, ETC. (IMPRINT)
Place of publication, distribution, etc. New York :
Name of publisher, distributor, etc. Knopf,
Date of publication, distribution, etc. c1968
300 ## - PHYSICAL DESCRIPTION
Pagination xiv, 509, xii p. ;
Size 25 cm.
504 ## - BIBLIOGRAPHY, ETC. NOTE
Bibliography, etc Bibliography: p. 493-509. Bibliographical footnotes.
650 #0 - SUBJECT ADDED ENTRY--TOPICAL TERM
Topical term or geographic name as entry element International relations.
9 (RLIN) 172346
942 ## - ADDED ENTRY ELEMENTS (KOHA)
Source of classification or shelving scheme Dewey Decimal Classification
Koha item type Books
Holdings
Lost status Source of classification or shelving scheme Damaged status Not for loan Collection code Permanent Location Current Location Shelving location Date acquired Source of acquisition Cost, normal purchase price Total Checkouts Full call number Date last seen Copy number Koha item type
  Dewey Decimal Classification   Not For Loan Non-fiction Central Library, University of Rajshahi Central Library, University of Rajshahi Reading Room 18/09/1972 Zeitlinger 3.70   327 ORW 1968 26/12/2016 C-1 Books